| 000 | 01207nam a2200313 i 4500 | ||
|---|---|---|---|
| 003 | EG-GICUC | ||
| 005 | 20260121101225.0 | ||
| 008 | 251116s2018 ua ||||f |||| 00| 0 ara d | ||
| 017 | _a2018/14507 | ||
| 020 | _a978-977-04-8729-7 | ||
| 040 |
_a EG-GICUC _bara _c EG-GICUC _d EG-GICUC _erda |
||
| 041 | _aara | ||
| 082 | 0 | 4 |
_221 _a345 _bع ل . ش |
| 092 | 0 | 4 | _221 |
| 099 | _aLaw1 07 345 ع ل . ش 2018 | ||
| 100 | 0 |
_aعلي إسماعيل أبو بكر _eمؤلف. |
|
| 245 |
_aشرح قانون البيئة : _b رقم 4 لسنة 1994 وتعديلاته حتي صدور القانون رقم 9 لسنة 2009 النصوص - الشرح - الأحكام - الفتاوي / _cدكتور علي إسماعيل أبو بكر |
||
| 264 |
_aالقاهرة : _bدار النهضة العربية , _c2018. |
||
| 300 |
_a250 صفحة _c24 سم |
||
| 336 |
_2rda content _atext |
||
| 337 |
_2rda media _aComputer |
||
| 338 |
_2rda carrier _aOnline Resource |
||
| 504 | _a. 210-207 ببليوجرافيا: صفحات. | ||
| 650 | 1 |
_aالقانون الإداري _2qrmak |
|
| 651 | 1 | _2qrmak | |
| 856 | 4 | 0 | _uhttps://fll.law.cu.edu.eg/fulltext/bks/B07-00966.pdf |
| 905 | _a74 | ||
| 942 |
_2ddc _n0 _cBK _e21 |
||
| 999 |
_c43472 _d43472 |
||